000 01048nam a22003377a 4500
003 CHAP
005 20220329140912.0
008 971013s r 00010 d
010 _a59535
011 _a60507
035 _a64669
040 _cCHAP
090 _aFolleto 9034
100 0 0 _aPyatt, Graham.
_993083
245 _aIncome distribution and inputoutput
_b: an analysis for Sri Lanka
260 _a(s.l. :
_bs.e.),
_c(s.a.)
300 _a40 h.
_b: ilus.
490 _aNumber
_v; 102
590 _aBATCH-UPD
_b10
_c20130110
_lUCH01
_h0506
590 _aBATCH-UPD
_b10
_c20130110
_lUCH01
_h2344
590 _aBATCH-UPD
_b10
_c20130410
_lUCH01
_h0144
590 _aBATCH-UPD
_b10
_c20130914
_lUCH01
_h1817
590 _aCONVERSION
_b10
_c20130109
_lUCH01
_h1332
650 1 4 _aMicroeconomía.
_975508
650 1 4 _aSri Lanka
_xCondiciones económicas.
_9109333
710 0 _aRound, Jeffery.
_9100312
830 0 _aNumber
_v; 102
_982203
901 _aBK
942 _cFOLL
949 _aFolleto 9034
_bBC
_cFOLL
_d-141189
_eTS1
_i64669
_mD. Dr. Leos
_si
999 _c59535
_d59535